Why developers shy away from the new (Record no. 74430)

MARC details
000 -LEADER
fixed length control field 01341cab a2200241 4500
001 - CONTROL NUMBER
control field ABS67897
008 - FIXED-LENGTH DATA ELEMENTS--GENERAL INFORMATION
fixed length control field 040621n2004 000 0 eng u
035 ## - SYSTEM CONTROL NUMBER
System control number (Sirsi) u126528
100 ## - MAIN ENTRY--PERSONAL NAME
Personal name Baker, C.
245 ## - TITLE STATEMENT
Title Why developers shy away from the new
260 ## - PUBLICATION, DISTRIBUTION, ETC.
Date of publication, distribution, etc. 2004
490 ## - SERIES STATEMENT
Series statement Axis
Volume/sequential designation 58(2)May/June 2004, 12-13(2)
520 ## - SUMMARY, ETC.
Summary, etc. Discusses the adverse influence of Peabody Trust's budgetary overspend on its pioneering, sustainable projects (BedZed and Raines Dairy) on developers and lenders thinking of going down the same route and asks whether it signals the end for government dreams for off-site manufacture and modern methods of construction. Summarises the problems associated with this developing sector: lack of economies of scale, relatively untested materials and uncertainty about the long-term performance of homes built using modern construction methods. Some developers remain however keen supporters of off-site manufacture despite events at Peabody Trust. Descriptive table describes Peabody Trust's four sustainable sites.
590 ## - LOCAL NOTE (RLIN)
Local note ABS
650 ## - SUBJECT ADDED ENTRY--TOPICAL TERM
Topical term or geographic name entry element VOLUMETRIC CONSTRUCTION
650 ## - SUBJECT ADDED ENTRY--TOPICAL TERM
Topical term or geographic name entry element PREFABRICATED HOUSING
650 ## - SUBJECT ADDED ENTRY--TOPICAL TERM
Topical term or geographic name entry element ZERO-ENERGY HOUSING
650 ## - SUBJECT ADDED ENTRY--TOPICAL TERM
Topical term or geographic name entry element OFF-SITE MANUFACTURING
650 ## - SUBJECT ADDED ENTRY--TOPICAL TERM
Topical term or geographic name entry element DEVELOPERS
650 ## - SUBJECT ADDED ENTRY--TOPICAL TERM
Topical term or geographic name entry element LENDERS
690 ## - LOCAL SUBJECT ADDED ENTRY--TOPICAL TERM (OCLC, RLIN)
Topical term or geographic name as entry element BUILT ENVIRONMENT-SUSTAINABLE CONSTRUCTION
942 ## - ADDED ENTRY ELEMENTS (KOHA)
Suppress in OPAC 0
Holdings
Withdrawn status Lost status Source of classification or shelving scheme Damaged status Not for loan Home library Current library Shelving location Date acquired Total Checkouts Full call number Barcode Date last seen Copy number Price effective from Koha item type
    Dewey Decimal Classification     London London Journal article 21/06/2004   ABS67897 126528-1001 06/08/2019 1 06/08/2019 Journal article